1287 1833 1477 1038 1910 1468 1071 1169 1245 1528 1521 1423 1546 1510 1433 1700 1583 1110 1730 1257 1934 1004 1250 1084 1094 1622 1046 1628 1431 1856 1601 1583 1089 1244 1843 1459 1226 1782 1636 1972 1477 1346 1640 1116 1112 1935 1528 1897 1210 1436 1642 1830 1357 1344 1476 1724 1910 1477 1043 1620 1566 1870 1070 1711 1907 1334 1041 1415 1775 1393 1075 1204 1187 1534 1275 1387 1707 1935 1022 1058 1793 1477 1557 1234 1652 1582 1745 1712 1468 1163 1399 1585 1808 1883 1166 1759 1334 1794 1128 BCNSPRNW ULIB Ver.6.0+V

เปลี่ยนเป็นภาษาไทย

Change to English
 แสดงรายละเอียดบรรณานุกรม
  กลับหน้าหลัก

Brief Record : Get Marc (ISO 2709) : E-mail record : QR code < ปิดหน้าต่าง
LEADER : 00000nam 2200000uu 4500
001    13399111067
003     ULIB
008    110616s||||||||th 000 0 tha d
020    1428320032
024    9781428320031
060  4 QV38^bS111d 2010
100 0  Spratto, George R.
245 00 Delmar s mini guide to geriatric drugs^c George R.Spratto
260    New york:^bDelmar Cengage Learning,^c2010
300    227 p
650  7 Drug Therapy ^xnurses s instruction.
650  7 Drugs -- nurses s instruction.
650  7 Geriatric Nursing
945    ^p900^l0^i030154
945    ^p900^l0^i029081
995    Kesorn
999 ^a ใช้งานได้ทุกระบบ
รายการนี้ยังไม่มีแท็ก
คุณยังไม่ได้ล็อกอิน คุณสามารถมีกิจกรรมร่วมกับเว็บไซต์ได้ แต่ต้องล็อกอินก่อน ::
  ล็อกอิน

รายการสื่อสารสนเทศ

ลำดับที่ ประเภท เลขเรียก/บาร์โค้ด สถานที่ สถานะ
- ไม่พบข้อมูล -

รายการใกล้เคียง
    หัวเรื่อง [Geriatric Nursing]

BibComment


ยังไม่เคยถูกคอมเมนท์

คอมเมนท์ทรัพยากรรายการนี้
  คอมเมนท์: Delmar s mini gui..


 Copyright 2026. Bcnsprnw @Library